000 00558nam a2200193Ia 4500
999 _c32294
_d32294
003 OSt
005 20200806111129.0
008 190216s9999||||xx |||||||||||||| ||und||
020 _a9788126511334
040 _coclc
082 _a510.2462
_bKRE/A
100 _aKreyszig, Erwin
_93735
245 0 _aAdvanced Engineering Mathematics /
_cErwin Kreyszig
250 _a8th Ed.
260 _bWiley Student Edition,
_c2011.
_aNew Delhi:
300 _a230p
650 _aMathematics
942 _cBK
_2ddc
_h510.2462
_iKRE/A
_k510.2462
_mKRE/A